LEADER 01150nam0 2200313 4500 001 000030288 005 20150310124504.0 010 $a978-88-14-18920-3 100 $a20141222d2014----km-y0itay50------ba 101 0 $aita 102 $aIT 105 $ay-------001yy 200 1 $aCodice di diritto amministrativo$e2014$fa cura di Roberto Chieppa 210 $aMilano$cGiuffrè$d2014 215 $aXXIII, 1732 p.$d19 cm 225 2 $a<>codici d'udienza Giuffrè 300 $aIn copertina: Aggiornato a riforma province, Legge n. 56/2014 e D.L. competitività n. 66/2014 410 0$12001$a<>codici d'udienza Giuffrè 500 10$aCodice di diritto amministrativo 2014$940180 610 1 $aAmministrazione pubblica$aLegislazione 610 1 $aDiritto amministrativo$aItalia$aLegislazione 676 $a342.450602632$v22$9Potere esecutivo. Italia. Leggi singole e raccolte 702 1$aChieppa,$bRoberto 710 02$aItalia$0423419 801 0$aIT$bUNIPARTHENOPE$c2014122$gRICA$2UNIMARC 912 $a000030288 951 $a348-C/131$b45385$cNAVA1$d2014 996 $aCodice di diritto amministrativo 2014$940180 997 $aUNIPARTHENOPE LEADER 01473nam0 2200301 450 001 000034783 005 20221024100938.0 100 $a20221024d1887----km-y0itay50------ba 101 0 $aita 102 $aIT 105 $ay-------001yy 200 1 $a<>promessi sposi$estoria milanese del secolo XVII$econ un cenno sulla vita dell'autore e alcuni giudizi tratti dai critici Giosuè Carducci, Francesco De Sanctis e Luigi Settembrini$fAlessandro Manzoni 210 $aNapoli$cFerdinando Bideri$d1887 215 $a461 p., [8] c. di tav.$cill., ritr.$d20 cm 300 $aLe prime 16 p. sono scritte in numeri romani 316 $aLegatura in quarto di pelle su piatti di cartone rigido; dorso con A., tit. e filetti impressi in oro; ivi, inoltre, antiche etichette di segnatura. La brossura editoriale è all'interno della rilegatura.$5UNIPARTHENOPE 317 $aSulla brossura editoriale: 3613 [n.i.]; Clas XII N.197 Ingres 4477 3L-VII-7G; sul front e a p. VI Timbro A della Reale Biblioteca di Marina.$5UNIPARTHENOPE 410 0$12001 500 10$a<>promessi sposi$914013 610 1 $aLetteratura italiana 676 $a850.9007$v22$9Letteratura italiana, 1814-1859 700 1$aManzoni,$bAlessandro$0293333 712 02$aDue Sicilie: Ministero della Guerra e della Marina$b390 801 0$aIT$bUNIPARTHENOPE$c20221024$gREICAT$2UNIMARC 912 $a000034783 951 $aBORB-N/16$b4477$cFB$d2022 996 $aPromessi sposi$914013 997 $aUNIPARTHENOPE